Algunas apreciaciones sobre las negociaciones colectivas entre las partes contratantes de la ALALC en 1975 -versión preliminar-

Wedi'i Gadw mewn:
Manylion Llyfryddiaeth
Awdur Corfforaethol: CEPAL
Fformat: Texto
Cyhoeddwyd: Montevideo: CEPAL
Rhifyn:0
Tagiau: Ychwanegu Tag
Dim Tagiau, Byddwch y cyntaf i dagio'r cofnod hwn!

MARC

LEADER 00000 a a2200000 04500
001 23252
003
040
090 |a 160900  
110 |a CEPAL  
245 |a Algunas apreciaciones sobre las negociaciones colectivas entre las partes contratantes de la ALALC en 1975 -versión preliminar-  
250 |a 0  
260 |a Montevideo:   |b CEPAL  
300 |a 25 p.  
999 |c 14857  |d 14857